000 00315nam a22001457a 4500
003 SGT
020 _a978-93-865507-9
082 _a615.53
_bA17S
100 _aSHREEVATHSA,ED.
245 _aANUPANA DARPAN
260 _aVARANASI
_bCHAUKHAMBHA PUB
_c2017
300 _a177
650 _aAYURVEDA
942 _2ddc
_cBK
_02
999 _c16542
_d16542